000 00532nmm a2200193Ia 4500
008 251105s9999||||xx |||||||||||||||||und||
020 _a9788492833931
041 _aspa
100 _aSlaughter, Karin
245 0 _aEl número de la traición
264 _a[Madrid, España] :
_bRoca Editorial,
_c2012
300 _a480 páginas
490 _aCriminal
650 _aThriller & Suspense
700 _aSlaughter, Karin
700 1 _a Faerna, Mónica
856 _uhttps://public.digitaliapublishing.com/a/31398
942 _cCF
999 _c71518
_d71518